365 Propowědí z učenj o Mrawjch, Powinnostech, Ctnosti a Náboženstvj; dále z Historie a z Učenj přjrody, z Hwězdářstwj a z Počjtowánj času; a naposledy ze Zeměpisu wůbec, Rakauského pak Cjsarstwj obwzlásstě, s připogenjm trefných werssů a naučných wtipných propowjdek. Propowědi k diktowánj, čjtánj a předpisowánj. Noworočnj aneb zkussebnj dar djtkám od 6=ho až do 9=ho roku obětowaný [Díl 1.].
| Main Author: | |
|---|---|
| Other Authors: | |
| Format: | Book |
| Language: | Undetermined Slovak German |
| PhysicalDescription: | [4], 56 s. 8° 18,5 x 11,5 cm |
| Published: |
W Liptowském Sw. Mikulássi
u Kašpara Fejérpatakyho z Klačan
1835
|
| Subjects: |
MARC
| LEADER | 00000cam a2200000 a 4500 | ||
|---|---|---|---|
| 001 | vtls001445665 | ||
| 003 | SK-MaSNL | ||
| 005 | 20260301150324.0 | ||
| 008 | 240315s1835 xo f 0000m und | ||
| 035 | |a SNK000400901 | ||
| 040 | |a SNK |b slo |c SNK |e AACR2 | ||
| 041 | 1 | |a slo |h ger | |
| 044 | |a xo |c SK | ||
| 080 | |a 17.02 |2 2011 | ||
| 080 | |a 177 |2 2011 | ||
| 080 | |a 17 |2 2011 | ||
| 080 | |a (035) |2 2011 | ||
| 080 | |a 094 |2 2011 | ||
| 080 | |a 2-423.7 |2 2001 | ||
| 080 | |a 371.66/.69 |2 2001 | ||
| 100 | 1 | |a Jais, Paul Alois, |4 aut |9 507380 | |
| 245 | 1 | |a 365 Propowědí |b z učenj o Mrawjch, Powinnostech, Ctnosti a Náboženstvj; dále z Historie a z Učenj přjrody, z Hwězdářstwj a z Počjtowánj času; a naposledy ze Zeměpisu wůbec, Rakauského pak Cjsarstwj obwzlásstě, s připogenjm trefných werssů a naučných wtipných propowjdek. Propowědi k diktowánj, čjtánj a předpisowánj. Noworočnj aneb zkussebnj dar djtkám od 6=ho až do 9=ho roku obětowaný |n [Díl 1.]. | |
| 260 | |a W Liptowském Sw. Mikulássi |b u Kašpara Fejérpatakyho z Klačan |c 1835 |e (W Lewoči |f Pjsmem Jana Werthmüllera) | ||
| 300 | |a [4], 56 s. |c 8° |c 18,5 x 11,5 cm | ||
| 500 | |a Kolácia dokumentu v tagu 300 podľa exemplára | ||
| 500 | |a Údaje o tlačiarovi doplnené zo s. 56 | ||
| 501 | |a Prív. 1.: 365 Propowědj z učenj o Ctnosti a Mrawjch... . Djl druhý. - W Liptowském Sw. Mikulássi 1835 |5 SVKPO: A 71901 | ||
| 562 | |a Prov.: Peč.: Štátna vedecká knižnica v Prešove - Rkp.: Naležj Knihowni ustawu Českoslowanského w Prešowė |5 SVKPO: A 71901 | ||
| 563 | |a Väzba - súdobá, kartón, ružovo-bielo-zeleno-čierno-žltý mramor. papier, chrbát a rohy - hnedá koža. |5 SVKPO: A 71901 | ||
| 650 | 0 | 7 | |a morálka |2 SNKPH |9 795 |
| 650 | 0 | 7 | |a morálka a spoločnosť |2 SNKPH |9 49837 |
| 650 | 0 | 7 | |a etika |2 SNKPH |9 792 |
| 650 | 0 | 7 | |a staré tlače |2 SNKPH |9 51683 |
| 650 | 0 | 7 | |a cnosti |2 SNKPH |9 26479 |
| 650 | 0 | 7 | |a učebné pomôcky |2 SNKPH |9 13833 |
| 655 | 7 | |a príručky |2 SNKPH |9 74364 | |
| 700 | 1 | |a Werthmüller, Ján, |d 1776-1856 |4 prt |9 49395 | |
| 700 | 1 | |a Fejérpataky-Belopotocký, Gašpar |4 pbl |4 bsl |9 507381 | |
| 852 | |a SVKPO |c Historické fondy |p A 71901 | ||
| 958 | |a ONDV | ||
| 958 | |a DF | ||
| 999 | |c 783113 |d 785043 | ||
| 952 | |a SNK |b SNK |y PREZ |7 0 |p 17A0850863 |o snkSD 324 |i snk790/27 |0 0 |1 0 |4 0 |d 2013-09-03 |l 0 |r 2025-10-15 00:00:00 |w 2026-02-24 | ||
| 952 | |t P60, <04>, [BOOK], {604} |a SNK |b SNK |y VYP |7 0 |p 17A0366909 |o snkSD 324 D1 |0 0 |1 0 |4 0 |d 2002-12-03 |l 0 |r 2005-01-02 00:00:00 |w 2026-02-24 | ||
| 952 | |t P60, <04>, [BOOK], {604} |a SNK |b SNK |y VYP |7 0 |p 17A0366908 |o snkSD 324 D2 |0 0 |1 0 |4 0 |d 2002-12-03 |l 0 |r 2005-01-02 00:00:00 |w 2026-02-24 | ||


